00681nam a2200205Ia 4500003000400000008004100004020001500045040001600060082001500076100002400091245012100115250001900236260008900255300002400344490000500368650003800373650001900411650001900430650002600449GCL140319s9999 xx 000 0 ara d a?535324977 aGCL / cGCL04a189bم م1 aمحمد عمارة10aالشيخ محمد الغزالى الموقع الفكرى والمعارك الفكرية / cمحمد عمارة aالثانية aالقاهرة : bالهيئة المصرية العامة للكتاب ، c1992 a119 ص ؛ c16 سم a04aالفلسفة الاسلامية04aالفلسفة04aالغزالى04aفلسفة السنة